000 00650nam a2200277Ia 4500
005 20260324141058.0
008 008 260324s9999 xx 000 0 eng d
020 _a9781315059938
037 _aEBOOK
040 _aCRL
040 _beng
040 _cCRL
041 _2eng
041 _aeng
084 _qCRL
100 _aEamonn Jones; Jean Marlow
_91206842
245 0 _aDuologues for All Accents and Ages
260 _bTaylor and Francis
260 _c1997
365 _a
365 _b98.99
856 _uhttp://www.taylorfrancis.com/books/9781315059938
942 _cEBOOK
999 _c1809550
_d1809550